000 00417nam a2200169 a 4500
001 0000-9014
003 ELIB.Books
008 110520 1969
035 _a(ELIB.Books)0000-9163
082 _a232
_bNee
100 _aNee, Watchman
245 _aTwelve Baskets Full
260 _bHong Kong: Church Book Room
_c1969
650 _aJesus Christ
942 _2ddc
_cBK
998 _cbat
_e2011-05-20
999 _c9014
_d9014